000 00549 a2200193 4500
001 61092
005 20260407155902.0
008 260407a1971 arg spa d
003 AR-UNSa-BCEJYS
040 _aAR-UNSa-BCEJYS
_bspa
_cAR-UNSa-BCEJYS
080 _a347.727
_xSociedad de Capital e Industria
245 1 0 _aEl régimen fiscal y las sociedades de capital
264 1 _aBuenos Aires :
_bCangallo
_c1971
300 _a95 p.
_c20 cm.
041 _aspa
942 _cBK
590 _aniveau_biblio:m niveau_hierar:0
100 1 _aNoli, Roberto R.
999 _c7217
_d7217